Themed General Knowledge Questions #17 - Statistics

General Stats
  • This quiz has been taken 27 times
  • The average score is 6 of 10
Answer Stats
Question Answer % Correct
What part of the human body is composed of atriums and ventricles? Heart
96%
Chromesthesia is a musical 'disease' where what happens? The see music notes and different pitches as colours
84%
How many books of the Bible were written by John the Baptist? 0
68%
What is the best selling board game ever? Chess
64%
Which of these children's books haven't been made into a movie? The Very Hunger Caterpillar
60%
What empire once covered the greatest amount of land? British Empire
52%
What continent does coffee originate from? Africa
40%
Which of these is not a noble gas? Hydrogen
40%
Which of these is (one of) the fraction approximations of pi? 22/7
36%
How many land borders does North Korea have? 3
36%
No matching quizzes found
Score Distribution
Percent of People with Each Score
Percentile by Number Answered
Your Score History
You have not taken this quiz